000 00899cam a2200301 i 4500
001 2449970
003 YEEZEN
005 20250903134659.0
008 240717s2024 ch g 000 0 chi d
020 _a9789863706854
_q(平裝) :
_cNT$350
040 _aTCPL
_bchi
_cTCPL
_dTCPL
_eccr
041 1 _achi
_hjpn
042 _anbic
084 _a415.943
_2ncsclt
090 _a415.943
100 1 _a小林弘幸
240 1 0 _a上機嫌の習慣
_l中文
245 1 0 _a用好心情創造好人生 :
_b自律神經名醫親自傳授 /
_c小林弘幸著 ; 甘為治譯
246 3 0 _a自律神經名醫親自傳授
250 _a初版
260 _a新北市板橋區 :
_b楓葉社文化,
_c2024.06
300 _a183面 ;
_c19公分
500 _a譯自 : 上機嫌の習慣
650 7 _2lcstt
_a自主神經系統疾病
650 7 _2lcstt
_a健康法
700 1 _a甘為治
942 _2ccl
_cBOOK
999 _c7672
_d7672